2026 World Cup - France Squad - Statistics

General Stats
  • This quiz has been taken 50 times
  • The average score is 20 of 26
Answer Stats
Hint Club Pos Answer % Correct
AC Milan Logo_of_AC_Milan.svg GK Mike Maignan
98%
Bayern Munich FC_Bayern_M%C3%BCnchen_logo_%282024%29.svg FW Michael Olise
96%
PSG Paris_Saint-Germain_F.C..svg FW Ousmane Dembele
96%
Arsenal Arsenal_FC.svg DF William Saliba
96%
Real Madrid Real_Madrid_CF.svg MF Aurelien Tchouameni
94%
Inter Milan FC_Internazionale_Milano_2021.svg FW Marcus Thuram
91%
Liverpool Liverpool_FC.svg DF Ibrahima Konate
89%
Bayern Munich FC_Bayern_M%C3%BCnchen_logo_%282024%29.svg DF Dayot Upamecano
87%
PSG Paris_Saint-Germain_F.C..svg FW Desire Doue
87%
Barcelona FC_Barcelona_%28crest%29.svg DF Jules Kounde
85%
Real Madrid Real_Madrid_CF.svg FW Kylian Mbappe
83%
PSG Paris_Saint-Germain_F.C..svg DF Lucas Hernandez
83%
Fenerbahce Fenerbah%C3%A7e.svg MF N'Golo Kante
83%
Al-Hilal Al_Hilal_SFC_Logo.svg DF Theo Hernandez
83%
PSG Paris_Saint-Germain_F.C..svg FW Bradley Barcola
79%
Aston Villa Aston_Villa_FC_new_crest.svg DF Lucas Digne
79%
Manchester City Manchester_City_FC_badge.svg FW Rayan Cherki
79%
Crystal Palace Crystal_Palace_FC_logo_%282022%29.svg FW Jean-Phillipe Mateta
74%
PSG Paris_Saint-Germain_F.C..svg MF Warren Zaire-Emery
74%
AC Milan Logo_of_AC_Milan.svg MF Adrien Rabiot
70%
Stade Rennais Stade_Rennais_FC.svg GK Brice Samba
64%
AS Roma AS_Roma_logo_%282017%29.svg MF Manu Kone
60%
Crystal Palace Crystal_Palace_FC_logo_%282022%29.svg DF Maxence Lacroix
51%
AS Monaco LogoASMonacoFC2021.svg FW Maghnes Akliouche
47%
Chelsea Chelsea_FC.svg DF Malo Gusto
47%
RC Lens RC_Lens_logo.svg GK Robin Risser
36%
No matching quizzes found
Score Distribution
Percent of People with Each Score
Percentile by Number Answered
Your Score History
You have not taken this quiz